Les 15 départements avec le moins de familles de 3 enfants au moins - Statistiques

Statistiques générales
  • Ce quiz a été pris 14 fois
  • Le résultat moyen est 10 sur 15
Statistiques - réponses
Rang
% de familles de trois enfants ou +
(- de 25 ans)
Département % Correct
6 5.3 Creuse
79%
4 5.0 Lot
79%
15 5.9 Ariège
71%
3 4.8 Cantal
71%
10 5.6 Corrèze
71%
7 5.4 Hautes-Pyrénées
71%
10 5.6 Landes
71%
1 4.7 Corse-du-Sud
64%
13 5.8 Pyrénées-Atlantiques
64%
7 5.4 Charente-Maritime
57%
1 4.7 Haute-Corse
57%
12 5.7 Hautes-Alpes
57%
13 5.8 Aveyron
50%
5 5.1 Dordogne
50%
9 5.5 Gers
50%
Aucun quiz correspondant
Distribution des résultats
% des personnes avec chaque résultat
Percentile par nombre de réponses
Votre historique - résultats
Vous n’avez pas pris ce quiz